000 00330nam a2200121Ia 4500
008 210430s9999 xx 000 0 und d
082 _a003 G9775 O
100 _aPrem Kumar Gupta, D. S. Hira
_9128872
245 _aOperations Research /
_cPrem Kumar Gupta
260 _aIndia
_bS.Chand
_c2007
300 _a1377p
942 _cBK
_2ddc
999 _c564734
_d564734